Sports Quiz

Random Sports or Soccer Quiz

Name the Arsenal and World Cup Goalscorers Quiz Stats

 Plays Quiz not verified by Sporcle

Score 0/19 Timer 03:00
0 Plays Today
% Correct
Thierry Henry
97%
Lukas Podolski
94.9%
Dennis Bergkamp
93.9%
Robin van Persie
91.9%
Mesut Ozil
90.8%
Alexis Sanchez
90.8%
Olivier Giroud
83.7%
Nicklas Bendtner
77.7%
Freddie Ljungberg
75.6%
Davor Suker
74.5%
% Correct
Emmanuel Petit
73.1%
Granit Xhaka
71.4%
Marc Overmars
70.1%
Tomas Rosicky
70.1%
Patrick Vieira
68%
Sol Campbell
63.5%
Gervinho
52%
David Platt
50.3%
Phillipe Senderos
31.5%

You're not logged in!

Compare scores with friends on all Sporcle quizzes.
OR
Log In

Show Comments

Extras

Top Quizzes Today


Score Distribution

Your Account Isn't Verified!

In order to create a playlist on Sporcle, you need to verify the email address you used during registration. Go to your Sporcle Settings to finish the process.

Report this User

Report this user for behavior that violates our Community Guidelines.

Details: